000 00441nam a22001817a 4500
005 20250612144244.0
008 250519b |||||||| |||| 00| 0 eng d
020 _a9789391211264
040 _cILCL
041 _2eng
_aeng
084 _aZ(Q7) R1
100 _aMulla,Sir Dinshaw Fardunji
245 _aPrinciples of Mahomedan Law
250 _a23
260 _aHaryana
_bLexis Nexis
_c2021
300 _acii,872p.
942 _2CC
_cTB
999 _c1428804
_d1428804